| 000 | 00768nam a2200229 i 4500 | ||
|---|---|---|---|
| 001 | 96069 | ||
| 003 | ES-MaACL | ||
| 005 | 20240511063027.0 | ||
| 007 | t| | ||
| 008 | 050610s1918 sp |||| | spa d | ||
| 040 | _cES-MaACL | ||
| 100 | 1 |
_aMadariaga y Suárez, Juan de, _d1856-1936 _eaut _975299 |
|
| 245 | 1 | 3 |
_aLa Sociedad de las Naciones : _bconferencia dada en el Ateneo de Madrid el 30 de abril de 1918 / _cconde de Torre-Vélez. |
| 260 |
_aMadrid : _b[s.n.], _c1918. |
||
| 300 |
_a69 páginas ; _c18 cm. |
||
| 610 | 2 | 4 |
_aAteneo de Madrid- _vConferencias- _y1900-1939 _91907 |
| 610 | 2 | 4 |
_aSociedad de Naciones. _96682 |
| 852 |
_aES-MaACL _cDEPOF _j1551-F-9 |
||
| 942 |
_cFOLLETOS _n0 |
||
| 999 |
_c96069 _d96069 |
||